| 000 | 00762cab a2200253 4500 | ||
|---|---|---|---|
| 001 | ABS56303 | ||
| 008 | 090401t1997 xxu||||| |||| 00| 0 eng d | ||
| 035 | _a(Sirsi) u22687 | ||
| 041 | _aeng | ||
| 100 | _aCosslett, G. | ||
| 245 | _aCash from ash | ||
| 260 | _c1997 | ||
| 350 | _a0 | ||
| 490 |
_aThe Waste Manager _v26(1) December/January 1997, 20-23(4) |
||
| 520 | _aExamines new uses that can be made in the construction industry of the ash produced by burning municipal waste which has traditionally been landfilled. | ||
| 650 | _aBOTTOM ASH | ||
| 650 | _aECOCEMENT | ||
| 650 | _aFLY ASH | ||
| 650 | _aSECONDARY AGGREGATE | ||
| 650 | _aWASTE RECYCLING | ||
| 690 | _aBUILT ENVIRONMENT-BUILDING MATERIALS | ||
| 942 | _n0 | ||
| 948 | _c04/03/1997 | ||
| 999 |
_c15209 _d15209 |
||